000 00609nam a2200241Ia 4500
003 OSt
005 20221005122101.0
006 a|||||r|||| 00| 0
007 ta
008 221004b |||||||| |||| 00| 0 tam d
024 _a48125
037 _cTextual
040 _aCRL
_cCRL
_btam
041 _2tam
_atam
082 _aO31,1B3:g, J7.1
100 _aPillai Duraisamy Cm.
_9631457
245 0 _aIngurunooru
260 _c1957
650 _a TAMIL POETRY
650 _aTAMIL LITERATURE
942 _hO31,1B3:g, J7.1
_cTEXL
_2cc
999 _c1043208
_d1043208